000 00228nam a22000857a 4500
008 160701b xxu||||| |||| 00| 0 eng d
100 _91660
_a Sarna, C.S
245 _aTextbook of Mathematics - XII
260 _aNew Delhi
_bArya
_c2004
999 _c1379
_d1379